Microeconomic analytics : A vade mecum for students reading modern economics /

Gespeichert in:
Bibliographische Detailangaben
1. Verfasser: Cheung, Michael Tow
Weitere Verfasser: Yeung, David W.K.
Format: Sách giấy
Sprache:English
Veröffentlicht: Singapore : Prentice-Hall , 1995
Tags: Tag hinzufügen
Keine Tags, Fügen Sie den ersten Tag hinzu!
Thư viện lưu trữ: Thư viện Trường Đại học Đà Lạt
LEADER 00661nam a2200253 4500
001 DLU020018138
005 ##6/12/2001
020 # # |a 978- 
041 # # |a eng 
082 # # |a 338.5  |b CH-M 
100 # # |a Cheung, Michael Tow 
245 # # |a Microeconomic analytics :  |b A vade mecum for students reading modern economics /  |c Michael Tow Cheung, David W.K. Yeung 
260 # # |a Singapore :  |b Prentice-Hall ,  |c 1995 
300 # # |a 128 tr.;   |c 24 cm. 
700 # # |a Yeung, David W.K. 
992 # # |a 329000 
994 # # |a DLU 
900 # # |a False 
911 # # |a Administrator 
925 # # |a G 
926 # # |a A 
927 # # |a SH 
980 # # |a Thư viện Trường Đại học Đà Lạt